00696nam a22002177a 450000500170000001000260001702000320004302000310007503500130010603500140011903700130013308200100014624500410015626000580019727000500025530000300030530000270033549000170036250500700037965000290044920250116170649.0 aENG-100841 ENG-143471 a9788172087180 (V.2)c149.00 a9788172087821 (-1)c101.00 aEN-84374 aEN-127003 bDBAD/PUB a230.3 aChinna Katha:bStories and Parables/ aPrasanthi NilayambSri Sathya Sai Sadhana Trustc2009 aAnantapur DistrictbPrasanthi Nilayame515134 aV.2 (xi,353p.)c22cm (pb) aV.1 (219p.)c22cm (pb) vVol 1, Vol 2 a Quoted from the divine discourses of Bhagvan Sri Sathya Sai Baba aSpiritual life- Hinduism